[Event "PalmeirasXUniaoBarbarense!"]
[Site "http://www.queenalice.com/game.php?id=19972"]
[Date "2005.7.16"]
[Round "-"]
[White "Wendt"]
[Black "sibeli"]
[Result "0-1"]
[WhiteElo "980"]
[BlackElo "1076"]

1. e4 Nf6 2. d3 d5 3. Qe2 Bg4 4. f3 Be6 5. Nc3 dxe4 6. fxe4 h5 7. b3 Bg4 8. Qe3
e5 9. h3 Bb4 10. Bd2 Be6 11. a3 Bxc3 12. Bxc3 Qd6 13. Nf3 h4 14. Nxe5 Nbd7 15.
d4 c5 16. Bb5 cxd4 17. Bxd4 Rh5 18. Bxd7+ Nxd7 19. Nf3 Qg3+ 20. Kf1 f5 21. Qf2
fxe4 22. Nh2 Rf5 23. Nf3 exf3 24. Qxg3 hxg3 25. Bxg7 fxg2+ 26. Kxg2 Bd5+ 27.
Kxg3 Bxh1 28. Rxh1 Rg5+ 29. Kh4 Rxg7 30. Re1+ Re7 31. Rg1 Ne5 32. Rg8+ Kf7 33.
Rxa8 b5 34. Rd8 Ng6+ 35. Kg3 Kf6 36. h4 Rh7 37. Rd5 a6 38. Rd6+ Kf5 39. Rxa6 Rh5
40. Ra5 Ke4 41. Rxb5 Rxb5 42. h5 Rxh5 43. Kg4 Ra5 44. a4 Rf5 45. Kg3 Rf1 46. Kg2
Rc1 47. a5 Rxc2+ 48. Kg3 Rb2 49. a6 Rxb3+ 50. Kg4 Ra3 51. Kh5 Rxa6 52. Kh6 Nf8+
53. Kg7 Ra8 54. Kf7 Kf5 55. Ke7 Ng6+ 56. Kd6 Ra5 57. Kc7 Ra6 58. Kb7 Re6 59. Kc7
Kf6 60. Kb7 Ke7 61. Kc8 Rd6 62. Kc7 Nf8 63. Kb7 Nd7 64. Kc8 Nb6+ 65. Kc7 Na8+
66. Kb8 Nb6 67. Ka7 Nc8+ 68. Kb8 Kd7 69. Ka8 Ra6+ 70. Kb7 Ra7+ 71. Kb8 Ra5 72.
Kb7 Rb5+ 73. Ka6 Nd6 74. Ka7 Kc7 75. Ka8 Ra5# 0-1

[Event "Challenge"]
[Site "http://www.queenalice.com/game.php?id=21193"]
[Date "2005.7.24"]
[Round "-"]
[White "sibeli"]
[Black "rpina73"]
[Result "1-0"]
[WhiteElo "1134"]
[BlackElo "899"]

1. e4 g6 2. b4 e5 3. c3 Nc6 4. h4 Qf6 5. Nf3 a5 6. Ng5 Nh6 7. Bc4 axb4 8. Nxf7
Nxf7 9. a4 Nd6 10. d3 bxc3 11. Nxc3 Nd4 12. Nd5 c6 13. Nxf6+ Ke7 14. Bg5 Bg7 15.
Nh5+ Kf8 16. Ng3 b5 17. Bb3 bxa4 18. Bxa4 Ra5 19. h5 Rc5 20. hxg6 hxg6 21. Rc1
Ra5 22. Rxh8+ Bxh8 23. Ne2 Nf7 24. Bh4 Ba6 25. Ra1 Bb5 26. Nc3 Nd6 27. Bxb5 Nb3
28. Rxa5 Nxa5 29. Ba6 Nb3 30. Qxb3 Bg7 31. Qb4 Kf7 32. Qxd6 Bf6 33. Bxf6 c5 34.
Qxe5 d6 35. Qxd6 Kg8 36. Qd7 Kf8 37. Bc4 g5 38. Qd8# 1-0

[Event "Challenge"]
[Site "http://www.queenalice.com/game.php?id=23179"]
[Date "2005.8.8"]
[Round "-"]
[White "sibeli"]
[Black "Boeing"]
[Result "0-1"]
[WhiteElo "1096"]
[BlackElo "1722"]

1. e4 e5 2. d3 h6 3. h4 Bc5 4. Nf3 Nc6 5. c4 Nf6 6. h5 d6 7. g3 Bg4 8. Bh3 Bxf3
9. Qxf3 Nd4 10. Qd1 Nxh5 11. Kd2 g6 12. a4 Qf6 13. Rf1 Bb4+ 14. Nc3 Nf3+ 15. Ke3
Bc5+ 16. Ke2 Nd4+ 17. Ke1 Nf3+ 18. Ke2 Nh2 19. Kd2 Nxf1+ 20. Bxf1 Qxf2+ 21. Ne2
Nxg3 22. Bh3 Bb4+ 23. Kc2 Nxe2 24. Bd2 Nd4+ 25. Kc1 Bxd2+ 26. Kb1 f5 27. Ka2 Bc3
28. Rb1 fxe4 29. dxe4 O-O 30. Bf1 Qh2 31. Bd3 Rf2 32. Ka3 Bxb2+ 33. Rxb2 Rxb2
34. Qa1 Rb3# 0-1

[Event "Challenge 2"]
[Site "http://www.queenalice.com/game.php?id=25339"]
[Date "2005.8.23"]
[Round "-"]
[White "sibeli"]
[Black "millie"]
[Result "1-0"]
[WhiteElo "1121"]
[BlackElo "1307"]

1. e4 e6 2. h4 h5 3. c4 c5 4. Qa4 g6 5. Nf3 f6 6. b3 Kf7 7. e5 f5 8. Ng5+ Kg7 9.
Bd3 Qc7 10. Bb2 Nc6 11. f4 b6 12. Bc3 Nh6 13. Na3 a6 14. Be2 a5 15. Nb5 Qb7 16.
a3 Qb8 17. Nd6 1-0

[Event "Challenge"]
[Site "http://www.queenalice.com/game.php?id=26444"]
[Date "2005.8.29"]
[Round "-"]
[White "sibeli"]
[Black "dlabedz"]
[Result "0-1"]
[WhiteElo "1144"]
[BlackElo "1295"]

1. e4 b5 2. Bxb5 c6 3. Bc4 Nf6 4. Qe2 d5 5. exd5 cxd5 6. Bb5+ Bd7 7. Nc3 e6 8.
a4 a6 9. Bxd7+ Nbxd7 10. b3 Qc7 11. a5 Rb8 12. Qxa6 Nc5 13. Qe2 Qd6 14. Ba3 Qf4
15. Nh3 Qd6 16. d4 Qc6 17. b4 Na4 18. b5 Qxc3+ 19. Qd2 Qxa1+ 20. Bc1 Ne4 21. Qe3
Bb4+ 22. Ke2 Nac3+ 23. Kf3 Rxb5 24. a6 h6 25. Ng1 Ng5+ 26. Kg4 f5+ 27. Kf4 Qxa6
28. Bd2 Qd6+ 29. Qe5 Ne2+ 30. Nxe2 Bxd2+ 31. Kg3 Ne4+ 32. Kh3 Ng5+ 33. Kh4 Qe7
34. Nf4 Qf7 35. Nh5 Rb4 36. Qxg7 Rf8 37. Qxh6 Rxd4+ 38. f4 Nh7 39. Ng7+ Ke7 40.
Nxe6 Rxf4+ 41. Nxf4 Bxf4 42. Qxf4 Qf6+ 43. Kg3 Qc3+ 44. Qf3 f4+ 45. Kg4 Qg7+ 46.
Kh3 Ng5+ 47. Kh4 Nxf3+ 48. gxf3 Rh8# 0-1

[Event "Challenge"]
[Site "http://www.queenalice.com/game.php?id=30324"]
[Date "2005.9.25"]
[Round "-"]
[White "sibeli"]
[Black "Edgar"]
[Result "0-1"]
[WhiteElo "1135"]
[BlackElo "1487"]

1. e4 e5 2. Qf3 Nf6 3. g4 a6 4. Nc3 Nc6 5. g5 Nd4 6. Qd3 Ng4 7. Nf3 Bc5 8. h3
Nxf3+ 9. Qxf3 Nf6 10. gxf6 Qxf6 11. Qxf6 gxf6 12. Nd5 Kd8 13. Nxf6 Be7 14. Ng4
d6 15. Bc4 f5 16. exf5 Bxf5 17. Ne3 Be4 18. Rg1 Kd7 19. Rg7 Kd8 20. d3 Bg6 21.
Nd5 Re8 0-1

[Event "Challenge"]
[Site "http://www.queenalice.com/game.php?id=35781"]
[Date "2005.10.31"]
[Round "-"]
[White "sibeli"]
[Black "zeroranko"]
[Result "1-0"]
[WhiteElo "1252"]
[BlackElo "1247"]

1. e4 e5 2. Nh3 Qf6 3. Qf3 Qc6 4. Nc3 Nf6 5. g4 h5 6. Nd5 Qxc2 7. Bd3 Qc5 8.
Nxf6+ gxf6 9. Qxf6 Rh6 10. Qf3 Be7 11. gxh5 Rf6 12. Qg4 Nc6 13. O-O d5 14. exd5
Nd4 15. Qg8+ Kd7 16. Ng5 Nf3+ 17. Kg2 Rh6 18. Nxf3 Qxd5 19. Bf5+ Kc6 20. Bxc8
Kb6 21. Qe8 Bh4 22. Qd7 Qe6 23. Qxe6+ fxe6 24. Bd7 Rg8+ 25. Kh1 Rxh5 26. Bxe6
Rg6 27. Bd5 Rf6 28. b4 c6 29. Be4 Kb5 30. a3 Rf4 31. d3 Rg4 32. h3 Rg7 33. d4
Bf6 34. Kh2 exd4 35. Rg1 Rgh7 36. Bxh7 Rxh7 37. Bb2 Rd7 38. h4 a6 39. h5 Be7 40.
Nxd4+ Kb6 41. f4 Bd6 42. Kg3 c5 43. Nf5 Bc7 44. bxc5+ Ka7 45. Rad1 1-0

[Event "Challenge"]
[Site "http://www.queenalice.com/game.php?id=35785"]
[Date "2005.10.31"]
[Round "-"]
[White "ulisses"]
[Black "sibeli"]
[Result "0-1"]
[WhiteElo "1142"]
[BlackElo "1240"]

1. e4 e5 2. Nf3 Qf6 3. Nc3 g5 4. Bc4 g4 5. d3 gxf3 6. gxf3 Nc6 7. h4 Nd4 8. Nd5
Qxf3 9. Nxc7+ Kd8 10. Nxa8 Qxh1+ 11. Kd2 Bb4+ 12. c3 Nf3+ 13. Ke2 Ng1+ 14. Ke3
Bc5+ 15. d4 exd4+ 16. cxd4 Bb6 17. b4 Nf6 18. e5 Ne4 19. f3 Nc3 20. Qd3 Qxf3+
21. Kd2 Ne4+ 22. Kc2 Rg8 23. Be3 Rg2+ 24. Kb3 f6 25. a4 Ne2 26. exf6 Nxd4+ 27.
Ka3 Nc2+ 28. Ka2 Nxb4+ 29. Kb3 Nxd3 30. Bxd3 Qxe3 31. Rd1 d5 32. f7 Rf2 33. Kb4
Rxf7 34. Bb5 a5# 0-1

[Event "Challenge"]
[Site "http://www.queenalice.com/game.php?id=36045"]
[Date "2005.11.2"]
[Round "-"]
[White "sibeli"]
[Black "CTRN"]
[Result "1-0"]
[WhiteElo "1190"]
[BlackElo "1571"]

1. e4 e5 2. Nf3 Bc5 3. Bc4 Qh4 4. Nxh4 Ne7 5. Qh5 Nd5 6. Bxd5 c6 7. Bxf7+ Kd8 8.
Qxe5 b5 9. Qxc5 Rf8 10. Qxf8+ Kc7 11. d3 d6 12. Bf4 Kb6 13. Qxc8 c5 14. Bxd6 Nd7
15. Bc7+ Kc6 16. Bd5# 1-0

[Event "Revanche"]
[Site "http://www.queenalice.com/game.php?id=44392"]
[Date "2005.12.20"]
[Round "-"]
[White "sibeli"]
[Black "ulisses"]
[Result "1-0"]
[WhiteElo "1268"]
[BlackElo "1053"]

1. e4 e5 2. Nf3 Nc6 3. a3 Nf6 4. d3 Bc5 5. b4 Bxf2+ 6. Kxf2 O-O 7. Nc3 d6 8. g3
b6 9. Bg5 Ng4+ 10. Kg2 Ne3+ 11. Bxe3 h5 12. Bg5 f6 13. Bh4 g5 14. Qd2 gxh4 15.
gxh4 Bg4 16. b5 Na5 17. Qh6 f5 18. Ng5 Rf6 19. Qh7+ Kf8 20. Qh8+ Ke7 21. Qg7+
Rf7 22. Nxf7 Qd7 23. Nd5+ Ke6 24. h3 Bf3+ 25. Kxf3 c6 26. Qg6# 1-0

[Event "Challenge"]
[Site "http://www.queenalice.com/game.php?id=49758"]
[Date "2006.1.27"]
[Round "-"]
[White "gouvea"]
[Black "sibeli"]
[Result "1-0"]
[WhiteElo "1632"]
[BlackElo "1268"]

1. e4 e5 2. Nf3 d6 3. Nc3 Nc6 4. Bb5 a6 5. Ba4 b5 6. Bb3 g5 7. d3 h6 8. O-O g4
9. Ne1 Rb8 10. f3 Nf6 11. f4 b4 12. Nd5 Nxd5 13. Bxd5 Nd4 14. f5 f6 15. Qxg4 Be6
16. fxe6 Qe7 17. Qg6+ Kd8 18. Rxf6 Bg7 19. Rf7 Qh4 20. g3 Qh3 21. Qxg7 Ne2+ 22.
Kf2 Qxh2+ 23. Ng2 Qg1+ 24. Kxe2 Qxg2+ 25. Rf2 Qxf2+ 26. Kxf2 Re8 27. Qd7# 1-0

[Event "Challenge"]
[Site "http://www.queenalice.com/game.php?id=65400"]
[Date "2006.4.24"]
[Round "-"]
[White "anibaljorge"]
[Black "sibeli"]
[Result "0-1"]
[WhiteElo "1024"]
[BlackElo "1289"]

1. e4 e5 2. Be2 Nc6 3. Bb5 Nd4 4. Ba4 c6 5. c3 Ne6 6. d4 Qa5 7. b3 exd4 8. Ne2
b5 9. Nxd4 bxa4 10. Qc2 Nxd4 11. Qd2 Ne6 12. b4 Qe5 13. Qd3 c5 14. bxc5 Nxc5 15.
Qb5 Qxe4+ 16. Qe2 Ba6 17. Qxe4+ Nxe4 18. Na3 Nxc3 19. Kd2 Bb4 20. Nc2 Nxa2+ 21.
Nxb4 Nxb4 22. Re1+ Ne7 23. Rxa4 Rb8 24. Ba3 Rb5 25. Rxb4 Rd5+ 26. Kc3 Rd3+ 27.
Kb2 Rd2+ 28. Kc3 Re2 29. Rb8+ Nc8 30. Rc1 Rxf2 31. Kd4 Kd8 32. Re1 Kc7 33. Reb1
Rf4+ 34. Kc5 d6+ 35. Kd5 Ne7# 0-1

[Event "Challenge"]
[Site "http://www.queenalice.com/game.php?id=69768"]
[Date "2006.5.17"]
[Round "-"]
[White "sibeli"]
[Black "AAmorim"]
[Result "1-0"]
[WhiteElo "1275"]
[BlackElo "1220"]

1. e4 c5 2. d3 Nc6 3. Be3 e5 4. c4 Qb6 5. b3 d6 6. g4 Nf6 7. h3 Qa6 8. g5 Nd7 9.
Nf3 Be7 10. h4 f6 11. Nc3 g6 12. Nd5 fxg5 13. Nc7+ Kf8 14. Nxa6 gxh4 15. Nc7 Rb8
16. Bg5 Bxg5 17. Nxg5 Nf6 18. Rxh4 b6 19. Qf3 Ke7 20. Bh3 h6 21. Nge6 Bxe6 22.
Bxe6 Nd4 23. Nd5+ Nxd5 24. Qf7+ Kd8 25. Bxd5 Nc2+ 26. Ke2 Nxa1 27. Rxh6 Rxh6 28.
Qf8+ Kc7 29. Qxh6 Rg8 30. Bxg8 1-0

[Event "Challenge"]
[Site "http://www.queenalice.com/game.php?id=75617"]
[Date "2006.6.10"]
[Round "-"]
[White "AAmorim"]
[Black "sibeli"]
[Result "0-1"]
[WhiteElo "1388"]
[BlackElo "1294"]

1. e4 e5 2. Nf3 f6 3. b3 c5 4. Bb2 Nc6 5. Bc4 Nge7 6. Qe2 a6 7. O-O Nb4 8. d3 g5
9. c3 Nbc6 10. Nbd2 h5 11. Qe3 g4 12. Nh4 Bh6 13. Qe2 Qa5 14. f3 gxf3 15. Ndxf3
Rb8 16. d4 b5 17. Bd5 Na7 18. dxc5 Bb7 19. Rfd1 Bxd5 20. exd5 Qc7 21. d6 Qxc5+
22. Qf2 Qxf2+ 23. Kxf2 Nec8 24. c4 Rb6 25. cxb5 Nxb5 26. Nf5 Ncxd6 27. Nxh6 Rxh6
28. Bc1 Ne4+ 29. Kf1 Rg6 30. Be3 Rd6 31. Rxd6 Nbxd6 32. Rc1 Rg4 33. h3 Rg3 34.
Rc7 Nf5 35. Bd2 Nxd2+ 36. Nxd2 Ne3+ 37. Kf2 Nf5 38. Ne4 Rg6 39. Nc5 Nh4 40. g3
Nf5 41. Rxd7 Nxg3 42. Rd3 h4 43. Nxa6 e4 44. Rd6 Ke7 45. Rb6 Kf7 46. b4 f5 47.
Rb7+ Kf6 48. Rb6+ Kg5 49. Rxg6+ Kxg6 50. b5 f4 51. b6 e3+ 52. Ke1 f3 53. b7 f2+
54. Kd1 f1=Q+ 55. Kc2 Qxa6 56. b8=Q Qxa2+ 57. Kd3 Qa3+ 58. Kd4 Nf5+ 59. Kd5 Ne7+
60. Ke6 e2 61. Qb1+ Kh6 62. Qg1 Ng6 63. Kf6 Qf3+ 64. Ke6 Qf1 65. Qe3+ Nf4+ 66.
Ke5 e1=Q 67. Qxe1 Qxe1+ 68. Kxf4 Qg3+ 69. Ke4 Qxh3 0-1